000
00251nam a2200109Ia 4500
008
190216s9999||||xx |||||||||||||| ||und||
100
_a
Varma L B
245
0
_a
Hindi-Ithihas Ki Beri Main
260
_b
Prakasha Sahitya
650
_a
Hindi
942
_c
BK
999
_c
15507
_d
15507